| 000 | 00000cam 2200000zi 4500 |
| 001 | 9.954371 |
| 003 | CaOODSP |
| 005 | 20260602105029 |
| 006 | m o d f |
| 007 | cr cn||||||||| |
| 008 | 250821s2025 oncd os f000 0 eng d |
| 020 | |a9780660785912 |
| 040 | |aCaOODSP|beng|erda|cCaOODSP |
| 043 | |an-cn--- |
| 086 | 1 |aT94-96/2025E-PDF |
| 245 | 00|aNational homelessness indicators. |
| 264 | 1|aOttawa, Ontario : |bHousing, Infrastructure and Communities Canada = Logement, Infrastructures et Collectivités Canada, |c[2025] |
| 300 | |a1 online resource (8 pages) : |bcharts |
| 336 | |atext|btxt|2rdacontent |
| 337 | |acomputer|bc|2rdamedia |
| 338 | |aonline resource|bcr|2rdacarrier |
| 500 | |aCaption title. |
| 500 | |aIssued also in French under title: Indicateurs pancanadiens de l'itinérance. |
| 650 | 0|aHomelessness|zCanada|xStatistics. |
| 655 | 7|aStatistics|2lcgft |
| 710 | 1 |aCanada. |bHousing, Infrastructure and Communities Canada, |eissuing body. |
| 775 | 08|tIndicateurs pancanadiens de l'itinérance.|w(CaOODSP)9.954372 |
| 856 | 40|qPDF|s243 KB|uhttps://publications.gc.ca/collections/collection_2026/licc-hicc/T94-96-2025-eng.pdf |
| 856 | 4 |qHTML|sN/A|uhttps://housing-infrastructure.canada.ca/homelessness-sans-abri/reports-rapports/nat-homelessness-indic-pancan-litinerance-eng.html |